00749nam a2200277Ia 450000500170000000800460001702000180006303700100008104000080009104000080009904000080010704100080011504100080012308400080013110000300013924500450016926000130021426000090022765000170023665000130025365000220026685600610028894200100034999900210035995200910038020260324152528.0008 260324s9999 xx 000 0 eng d a9780128024386 aEBOOK aCRL beng cCRL 2eng aeng qCRL aHouston, Douglas91229053 0aCell Polarity in Development and Disease bElsevier c2017 aBiochemistry aGenetics aMolecular Biology uhttps://www.sciencedirect.com/science/book/9780128024386 cEBOOK c1839714d1839714 00104070aCRLbCRLd2026-03-24l0pCL2131011r2026-03-24 15:25:28w2026-03-24yEBOOK